Mennyi a harminchét? Kisebbségi nyelvhasználat: új, európai szintű törvényt kell elfogadni

Bibliographic Details
Main Author: Csáky, Pál, 1956- (Author)
Format: Article
Language:Hungarian
Subjects:

MARC

LEADER 00000nab a2200000 a 4500
001 vtls000615426
003 SK-MaSNL
005 20260318123937.0
008 201103c1997 xo 0 hun
015 |a SNBRB19rr/mm-uuuuu 
035 |a CL0615565 
040 |a SNKBUCL  |b slo  |c SNKBUCL  |e AACR2 
041 0 |a hun 
044 |a xo  |c SK 
080 |a 323.15(437.6)  |2 1981 
080 |a 342.725(437.6)  |2 1981 
100 1 |a Csáky, Pál,  |d 1956-  |4 aut  |9 89590 
245 1 0 |a Mennyi a harminchét?  |b Kisebbségi nyelvhasználat: új, európai szintű törvényt kell elfogadni  |c Pál Csáky 
650 0 7 |a národnostné menšiny  |2 snkbucl  |9 2669 
650 0 7 |a jazyky národnostných menšín  |2 snkbucl  |9 390261 
651 7 |a Slovensko  |2 SNKPHgeo  |9 14231 
655 7 |a články z novín a časopisov  |2 snkbucl  |9 267496 
773 0 |t Új szó  |g Roč. 50, č. 42 (20. 2. 1997), s. 2 
850 |a Slovenská národná knižnica v Martine  |a DSG001 
852 |a SNK  |b KIS3GCP 
958 |a HU 
958 |a SK 
958 |a RK 
958 |a RBX 
999 |c 2671713  |d 2673643